000 00239nam a2200097Ia 4500
005 20251222120856.0
008 251222s1900||||xx |||||||||||||| ||spa||
082 _aDVD0070/A38/2000
245 0 _aCanciones de libertad:Freedom Song
942 _cDVD
999 _c2398
_d2398